Gaming Quiz

Random Gaming Quiz

Name all of Skyrim's alchemy ingredients Quiz Stats

 Plays Quiz not verified by Sporcle

Challenge
Share
Tweet
Embed
Score 0/90 Timer 20:00
0 Plays Today
Ingredient % Correct
Blue Mountain Flower
89.8%
Fire Salts
88.3%
Red Mountain Flower
87.9%
Giant's Toe
85.2%
Deathbell
83.6%
Nirnroot
83.6%
Purple Mountain Flower
83.2%
Frost Salts
82.8%
Daedra Heart
82%
Void Salts
80.1%
Bear Claws
79.7%
Bee
79.3%
Eye of Sabre Cat
78.1%
Nightshade
77.7%
Human Heart
76.2%
Vampire Dust
76.2%
Salt Pile
74.6%
Troll Fat
74.6%
Butterfly Wing
73.4%
Falmer Ear
72.3%
Hagraven Feathers
71.9%
Crimson Nirnroot
71.1%
Lavender
71.1%
Bone Meal
70.7%
Wheat
70.7%
Glowing Mushroom
70.3%
Human Flesh
69.5%
Slaughterfish Scales
69.5%
Sabre Cat Tooth
68.4%
Mudcrab Chitin
68%
Ingredient % Correct
Snowberries
68%
White Cap
68%
Blue Butterfly Wing
67.6%
Hagraven Claw
67.6%
Wisp Wrapping
67.6%
Small Antlers
66%
Hanging Moss
65.2%
Briar Heart
64.8%
Ice Wraith Teeth
64.8%
Spider Egg
64.8%
Hawk Feathers
64.5%
Large Antlers
64.5%
Glow Dust
64.1%
Taproot
64.1%
Elves Ear
63.7%
Torchbug Thorax
63.7%
Dragon's Tongue
63.3%
Slaughterfish Egg
63.3%
Beehive Husk
62.9%
Abecean Longfin
62.5%
Luna Moth Wing
62.5%
Hawk Beak
62.1%
Chaurus Eggs
61.7%
Creep Cluster
61.7%
Blisterwort
61.3%
Blue Dartwing
61.3%
Garlic
61.3%
Dwarven Oil
60.5%
Honeycomb
60.5%
Namira's Rot
60.5%
Ingredient % Correct
Juniper Berries
60.2%
Nordic Barnacle
60.2%
Orange Dartwing
60.2%
Skeever Tail
59.4%
Pearl
58.6%
Tundra Cotton
57.8%
Jazbay Grapes
57.4%
Spriggan Sap
56.3%
Ectoplasm
55.9%
Frost Mirriam
54.7%
Cyrodilic Spadetail
54.3%
Rock Warbler Egg
54.3%
Bleeding Crown
53.9%
Imp Stool
53.9%
Small Pearl
53.9%
Canis Root
53.1%
Histcarp
52.3%
Pine Thrush Egg
52%
Thistle Branch
51.6%
Grass Pod
50.4%
Mora Tapinella
50.4%
River Betty
50%
Charred Skeever Hide
48.8%
Swamp Fungal Pod
48.8%
Powdered Mammoth Tusk
48.4%
Giant Lichen
44.5%
Moon Sugar
43.4%
Fly Amanita
43%
Silverside Perch
37.5%
Scaly Pholiota
36.3%

You're not logged in!

Compare scores with friends on all Sporcle quizzes.
Join for Free
OR
Log In

You Might Also Like...

Show Comments

Extras

Created Jul 17, 2012ReportNominate
Tags:alchemy, ingredient, Skyrim

Top Quizzes Today


Score Distribution

Your Account Isn't Verified!

In order to create a playlist on Sporcle, you need to verify the email address you used during registration. Go to your Sporcle Settings to finish the process.

Report this User

Report this user for behavior that violates our Community Guidelines.

Details: